Polscy skoczkowie narciarscy, którzy skakali w Pucharze Świata - Statystyki

Ogólne statystyki
  • Ten quiz został rozwiązany 3 760 razy
    821 od ostatniego zresetowania
  • Średni wynik to 23 z 76
Statystyki odpowiedzi
Pierwszy sezon Skoczek % Poprawnych
1994/1995 Adam Małysz
97%
2003/2004 Kamil Stoch
97%
2005/2006 Piotr Żyła
95%
2008/2009 Dawid Kubacki
91%
2007/2008 Maciej Kot
85%
2009/2010 Jakub Kot
81%
2025/2026 Kacper Tomasiak
76%
2011/2012 Aleksander Zniszczoł
69%
2019/2020 Paweł Wąsek
66%
2008/2009 Klemens Murańka
64%
2004/2005 Stefan Hula
64%
2015/2016 Andrzej Stękała
58%
1992/1993 Robert Mateja
57%
2012/2013 Jakub Wolny
56%
2010/2011 Jan Ziobro
52%
2012/2013 Krzysztof Biegun
50%
1979/1980 Piotr Fijas
47%
1979/1980 Henryk Tajner
46%
1999/2000 Tomisław Tajner
46%
1979/1980 Tadeusz Fijas
44%
2025/2026 Klemens Joniak
43%
1999/2000 Marcin Bachleda
42%
2001/2002 Daniel Bachleda
41%
2017/2018 Tomasz Pilch
41%
2008/2009 Krzysztof Miętus
40%
2008/2009 Łukasz Rutkowski
40%
2003/2004 Mateusz Rutkowski
40%
2009/2010 Grzegorz Miętus
39%
1995/1996 Łukasz Kruczek
38%
1992/1993 Wojciech Skupień
38%
1999/2000 Paweł Kruczek
37%
2021/2022 Jan Habdas
34%
2019/2020 Kacper Juroszek
30%
1979/1980 Stanisław Bobak
29%
2019/2020 Adam Niżnik
28%
2006/2007 Dawid Kowal
23%
1985/1986 Jan Kowal
23%
1999/2000 Tomasz Pochwała
22%
2021/2022 Jarosław Krzak
21%
1999/2000 Maciej Maciusiak
19%
1979/1980 Andrzej Kowalski
18%
1999/2000 Krystian Długopolski
18%
2011/2012 Bartłomiej Kłusek
17%
2010/2011 Tomasz Byrt
17%
2004/2005 Rafał Śliż
16%
2015/2016 Przemysław Kantyka
13%
2010/2011 Andrzej Zapotoczny
12%
1999/2000 Grzegorz Śliwka
12%
2017/2018 Bartosz Czyż
11%
2014/2015 Krzysztof Leja
11%
2014/2015 Adam Ruda
10%
1999/2000 Grzegorz Sobczyk
10%
1979/1980 Zbigniew Malik
10%
2001/2002 Andrzej Galica
9%
1987/1988 Zbigniew Klimowski
9%
1979/1980 Janusz Duda
8%
2014/2015 Stanisław Biela
8%
1992/1993 Jarosław Mądry
7%
1979/1980 Stanisław Pawlusiak
7%
1991/1992 Alojzy Moskal
6%
1991/1992 Bogdan Papierz
6%
2003/2004 Krzysztof Styrczula
6%
1995/1996 Marek Gwóźdź
6%
1992/1993 Stanisław Styrczula
6%
1980/1981 Tadeusz Bafia
6%
1997/1998 Andrzej Młynarczyk
5%
1979/1980 Bogdan Zwijacz
5%
1996/1997 Marcin Sitarz
5%
1999/2000 Mariusz Macias
5%
1992/1993 Robert Zygmuntowicz
5%
1980/1981 Zenon Węgrzynkiewicz
5%
1979/1980 Jacek Gąsienica-Mracielnik
4%
1979/1980 Jan Łoniewski
4%
1979/1980 Juliusz Szoblik
4%
1979/1980 Mirosław Pytel
4%
1979/1980 Piotr Mroczek
4%
Nie znaleziono quizów pasujących do podanych kryteriów
Rozkład punktacji
Procent ludzi z każdym wynikiem
Percentyl według liczby udzielonych odpowiedzi
Twoja historia wyników
Nie rozwiązałeś tego quizu od ostatniego zresetowania